000 01104cam a2200301 a 4500
999 _c128228
_d128228
001 2349746
003 ARRUPE
005 20180920161145.0
008 830606s1984 nyu b s001 0 eng
010 _a 83005101
020 _a0873957938
020 _a087395792X (pbk.)
040 _aDLC
_cDLC
_dDLC
041 1 _aengger
050 0 0 _aB2864.E5
_bV37 1984
082 0 0 _a110
_219
100 1 _aSchelling, Friedrich Wilhelm Joseph von,
_d1775-1854.
_942459
240 1 0 _aBruno.
_lEnglish
245 1 0 _aBruno, or, On the natural and the divine principle of things /
_cF.W.J. Schelling ; edited and translated, with an introduction, by Michael G. Vater.
260 _aAlbany :
_bState University of New York Press,
_cc1984.
300 _axiv, 269 p. ;
_c24 cm.
440 0 _aSUNY series in Hegelian studies
_921061
504 _aIncludes bibliographical references and index.
650 0 _aMetaphysics.
_942460
700 1 _aVater, Michael G.,
_d1944-
_942461
740 0 _aOn the natural and the divine principle of things.
906 _a7
_bcbc
_corignew
_d1
_eocip
_f19
_gy-gencatlg
942 _2lcc
_cMONOGRAPH